| 000 -LEADER |
| fixed length control field |
01564nam a22003977a 4500 |
| 001 - CONTROL NUMBER |
| control field |
11939972 |
| 003 - CONTROL NUMBER IDENTIFIER |
| control field |
OSt |
| 005 - DATE AND TIME OF LATEST TRANSACTION |
| control field |
20210422052401.0 |
| 008 - FIXED-LENGTH DATA ELEMENTS--GENERAL INFORMATION |
| fixed length control field |
000313s1999 enka b 001 0aeng |
| 010 ## - LIBRARY OF CONGRESS CONTROL NUMBER |
| LC control number |
00265620 |
| 020 ## - INTERNATIONAL STANDARD BOOK NUMBER |
| International Standard Book Number |
0192838458 |
| 040 ## - CATALOGING SOURCE |
| Original cataloging agency |
eng |
| Transcribing agency |
DLC |
| Modifying agency |
eng |
| Language of cataloging |
eng |
| 041 ## - LANGUAGE CODE |
| Language code of text/sound track or separate title |
eng |
| 043 ## - GEOGRAPHIC AREA CODE |
| Geographic area code |
e-uk-en |
| 050 00 - LIBRARY OF CONGRESS CALL NUMBER |
| Classification number |
PR5686 |
| Item number |
.A36 1999 |
| 080 ## - UNIVERSAL DECIMAL CLASSIFICATION NUMBER |
| Universal Decimal Classification number |
92 |
| Item number |
T-87 |
| 082 00 - DEWEY DECIMAL CLASSIFICATION NUMBER |
| Classification number |
823/.8 |
| -- |
B |
| Edition number |
21 |
| 100 1# - MAIN ENTRY--PERSONAL NAME |
| Personal name |
Trollope, Anthony, |
| Dates associated with a name |
1815-1882. |
| 245 13 - TITLE STATEMENT |
| Title |
An autobiography / |
| Statement of responsibility, etc. |
Anthony Trollope ; edited by Michael Sadleir and Frederick Page ; with an introduction by P.D. Edwards. |
| Remainder of title |
/ by: Oxford University Press, |
| 260 ## - PUBLICATION, DISTRIBUTION, ETC. |
| Place of publication, distribution, etc. |
Oxford [England] ; |
| -- |
New York : |
| Name of publisher, distributor, etc. |
Oxford University Press, |
| Date of publication, distribution, etc. |
1999. |
| 300 ## - PHYSICAL DESCRIPTION |
| Extent |
xxxvii, 398 p. : |
| Other physical details |
ill. ; |
| Dimensions |
20 cm. |
| 365 ## - TRADE PRICE |
| Price amount |
9.95 usd |
| 490 1# - SERIES STATEMENT |
| Series statement |
Oxford world's classics |
| 500 ## - GENERAL NOTE |
| General note |
Originally published: Oxford ; New York : Oxford University Press, 1980, in series: The world's classics. |
| 504 ## - BIBLIOGRAPHY, ETC. NOTE |
| Bibliography, etc. note |
Includes bibliographical references (p. 368-369) and index. |
| 600 10 - SUBJECT ADDED ENTRY--PERSONAL NAME |
| Personal name |
Trollope, Anthony, |
| Dates associated with a name |
1815-1882. |
| 650 #0 - SUBJECT ADDED ENTRY--TOPICAL TERM |
| Topical term or geographic name entry element |
Novelists, English |
| Chronological subdivision |
19th century |
| Form subdivision |
Biography. |
| 650 #0 - SUBJECT ADDED ENTRY--TOPICAL TERM |
| Topical term or geographic name entry element |
Autobiography |
| 9 (RLIN) |
588 |
| 653 ## - INDEX TERM--UNCONTROLLED |
| Uncontrolled term |
აუტობიოგრაფია |
| 700 1# - ADDED ENTRY--PERSONAL NAME |
| Personal name |
Sadleir, Michael, |
| Dates associated with a name |
1888-1957. |
| 700 1# - ADDED ENTRY--PERSONAL NAME |
| Personal name |
Page, Frederick, |
| Dates associated with a name |
1879-1962. |
| 830 #0 - SERIES ADDED ENTRY--UNIFORM TITLE |
| Uniform title |
Oxford world's classics (Oxford University Press) |
| 906 ## - LOCAL DATA ELEMENT F, LDF (RLIN) |
| a |
7 |
| b |
cbc |
| c |
origcop |
| d |
2 |
| e |
ncip |
| f |
20 |
| g |
y-gencatlg |
| 942 ## - ADDED ENTRY ELEMENTS (KOHA) |
| Source of classification or shelving scheme |
|
| Koha item type |
Books |